Datum a čas kvízu
24.5
Celkem bodů
Celkový počet nahraných bodů na tomto kvízu bez doplňovacích otázek.
4.
Pořadí na kvízu
Konečné umístění týmu na tomto kvízu.
Zaznamenané odpovědi
| # | Otázka | Odpověď | Body | Výsledky |
|---|---|---|---|---|
| 1. | Ministryně obrany v demisi Kar... | 0 | ||
| 2. | Prostořeký prezident USA Donal... | 0 | ||
| 3. | Ve středu 17. ledna byly oznám... | 1 | ||
| 4. | Britové na sociálních sítích k... | 1 | ||
| 5. | Ve 37 letech ukončil kariéru f... | 0 | ||
| 6. | Abychom se mohli ohřát u ohně,... | 0 | ||
| 7. | Pták Ohnivák je slavný pohádko... | 0 | ||
| 8. | Olympijský oheň je jedním ze z... | 1 | ||
| 5. | Ohněm a mečem je román polskéh... | 1 | ||
| 5. | Napište název jevu související... | 1 |